Medal Table Summer Olympics - Weightlifting - Statistics

General Stats
  • This quiz has been taken 52 times
  • The average score is 44 of 68
Answer Stats
Gold Silver Bronze Total Countries % Correct
38 16 8 62 China
96%
16 17 13 46 United States
96%
1 4 3 8 Great Britain
93%
4 7 7 18 Russia
93%
2 3 10 15 Japan
91%
9 6 5 20 Iran
85%
3 6 6 15 South Korea
85%
6 6 22 34 Poland
83%
39 21 2 62 Soviet Union
83%
9 3 3 15 France
80%
6 7 7 20 Germany
80%
1 1 1 3 Spain
80%
8 1 2 11 Turkey
80%
1 1 2 4 Australia
78%
12 17 8 37 Bulgaria
78%
2 2 1 5 Canada
78%
5 5 7 17 Italy
78%
2 3 7 12 Kazakhstan
78%
2 1 2 5 Ukraine
78%
5 3 6 14 Egypt
76%
0 2 3 5 India
76%
5 8 5 18 North Korea
76%
0 0 4 4 Sweden
76%
0 1 1 2 Argentina
74%
2 9 9 20 Hungary
74%
1 0 3 4 Mexico
72%
2 6 3 11 Romania
72%
3 1 3 7 Georgia
70%
0 0 3 3 Netherlands
70%
2 4 3 9 Colombia
67%
1 2 0 3 Denmark
67%
1 0 2 3 Finland
67%
6 5 4 15 Greece
67%
0 7 8 15 Indonesia
67%
0 0 1 1 Iraq
67%
1 0 0 1 Norway
67%
2 0 1 3 Uzbekistan
67%
3 4 2 9 Austria
65%
1 4 3 8 Belarus
65%
1 2 1 4 Belgium
65%
0 4 2 6 Armenia
63%
0 1 0 1 Turkmenistan
63%
2 1 5 8 Cuba
61%
0 2 2 4 Switzerland
61%
1 3 3 7 Estonia
59%
1 1 0 2 Philippines
59%
5 2 7 14 Thailand
59%
0 1 1 2 Vietnam
59%
4 2 4 10 Chinese Taipei
57%
0 0 1 1 Lithuania
57%
0 0 1 1 Syria
57%
3 2 3 8 Czechoslovakia
54%
1 4 6 11 East Germany
54%
0 1 2 3 Latvia
54%
0 1 1 2 Nigeria
54%
1 0 1 2 Croatia
52%
1 1 0 2 Ecuador
46%
0 2 1 3 Venezuela
43%
2 2 3 7 West Germany
43%
0 1 1 2 Dominican Republic
41%
0 1 0 1 Lebanon
41%
1 0 1 2 Qatar
41%
0 1 0 1 Luxembourg
33%
5 4 0 9 Unified Team
28%
0 1 0 1 Samoa
20%
0 0 1 1 Cameroon
17%
0 1 0 1 Singapore
17%
0 1 2 3 Trinidad and Tobago
13%
No matching quizzes found
Score Distribution
Percent of People with Each Score
Percentile by Number Answered
Your Score History
You have not taken this quiz